000 00458cam a22001931 4500
001 sa 68017571
003 DLC
005 20260227112703.0
008 881028s1968 xx 000 0 hino
010 _asa 68017571
035 _a(OCoLC)23553572
040 _aDLC
_cMiU
_dDLC
050 0 0 _aPK1718.J27
_bD8
100 1 _aJahangir, Burhanuddin Khan.
245 1 0 _aDūra dūrānta.
260 _c[1968]
300 _a111 p.
_c23 cm.
500 _aRomanized.
999 _c87799
_d87799